| 000 | 00532nam a2200181Ia 4500 | ||
|---|---|---|---|
| 008 | 151202s9999||||xx |||||||||||||| ||und|| | ||
| 082 | _bPNVM-38859 | ||
| 100 | _aभावे पु.भा. | ||
| 245 | _aस्मरणी. | ||
| 260 | _b"विश्वमोहिनी प्रकाशन,पुणे." | ||
| 260 | _c1974 | ||
| 300 | _a146 | ||
| 600 | _aभावे पु.भा. | ||
| 630 | _aस्मरणी. | ||
| 700 | _aभावे पु.भा. | ||
| 730 | _aस्मरणी. | ||
| 942 | _cBOOK | ||
| 999 |
_c1304811 _d1304808 |
||